La Araucana: selección
Gorde:
| Egile nagusia: | |
|---|---|
| Formatua: | Liburua |
| Hizkuntza: | gaztelania |
| Argitaratua: |
Santiago
Zig-Zag
1974
|
| Edizioa: | 8a. ed |
| Saila: | Libros de Bolsillo Zig Zag, 30
|
| Gaiak: | |
| Etiketak: |
Etiketa erantsi
Etiketarik gabe, Izan zaitez lehena erregistro honi etiketa jartzen!
|
MARC
| LEADER | 00000nam a2200000 a 4500 | ||
|---|---|---|---|
| 001 | UCT2508 | ||
| 003 | CL-VaPUC | ||
| 008 | 961011e19740000CL |||||||||||||||||spa|d | ||
| 082 | 0 | 4 | |a 861 |b ERC |2 21 |
| 100 | |a Ercilla y Zúñiga, Alonso de |e autor |9 267605 | ||
| 245 | 1 | 3 | |a La Araucana: selección |
| 250 | |a 8a. ed | ||
| 300 | |a 214 p | ||
| 942 | |c BK | ||
| 945 | |d 19961011 00:00:00 |a rleighto | ||
| 260 | |a Santiago |b Zig-Zag |c 1974 | ||
| 650 | 0 | |a Poesía épica española |9 268761 | |
| 650 | 0 | |a Poesía española |9 264938 | |
| 583 | |a last modification |c 19961011 00:00:00 |k Rodrigo Vera | ||
| 490 | 0 | |a Libros de Bolsillo Zig Zag, 30 | |
| 999 | |c 252574 |d 252572 | ||
| 952 | |0 0 |1 0 |4 0 |6 861_000000000000000_ERC_1974 |7 0 |8 A |9 272499 |a BIBEDU |b BIBEDU |d 2019-11-19 |i 3240118 |o 861 ERC 1974 |p 3240118 |r 2019-11-19 |w 2019-11-19 |y BK |k LIT | ||